• 首页
  • 本馆介绍
  • 公告通知
  • 最新文献
  • 馆藏检索
  • 电子资源
  • 读者导购
  • 参考咨询
  • 我的图书馆
  • 登录
  • 详细信息显示
  • 放入我的书架
  • 预约/预借图书
  • 作者相关作品
  • 分类相关作品
  • 丛书相关作品
  • 出版社相关作品

书目信息

  • 表格格式
  • 工作单格式
  • 卡片格式
题名:
培训与开发
    
 
作者: 颜世富 主编
分册:  
出版信息: 北京   北京师范大学出版社  2008
页数: 10,387页
开本: 23cm
丛书名:
单 册:
中图分类: C975 , F241
科图分类:
主题词: 职工培训--高等学校--教材 , 劳动力资源--资源开发--高等学校--教材 , 职工培训 , 劳动力资源 , 资源开发
电子资源:
ISBN: 978-7-303-08451-7
000 01057nam0 2200325 45
001 1029816160
005 20100428143441.92
010    @a978-7-303-08451-7@dCNY38.00
100    @a20100419d2008 em y0chiy50 ea
101 0  @achi
102    @aCN@b110000
105    @ay z 000yy
106    @ar
200 1  @a培训与开发@APei Xun Yu Kai Fa@dTraning and development@f颜世富主编@FYan Shi Fu Zhu Bian@zeng
205    @a2版
210    @a北京@c北京师范大学出版社@d2008
215    @a10,387页@d23cm
300    @a新世纪高等学校教材人力资源管理本土化系列教材
330    @a本书包括培训需求评价、培训规划、培训课程设计、咨询式培训、人力资源开发等内容。每章都有学习目标、引导案例和案例分析。
510 1  @aTraning and development@zeng
606 0  @a职工培训@x高等学校@j教材
606 0  @a劳动力资源@x资源开发@x高等学校@j教材
606 0  @a职工培训
606 0  @a劳动力资源
606 0  @a资源开发
690    @aC975@v4
690    @aF241@v4
701  0 @a颜世富@AYan Shi Fu@4主编
801  0 @aCN@bTANGWEI@c20100428
905    @b0592610-14@dC975@e67=2@f5
    
    培训与开发=Traning and development/颜世富主编.-2版.-北京:北京师范大学出版社,2008
    10,387页;23cm
    新世纪高等学校教材人力资源管理本土化系列教材
    
    ISBN 978-7-303-08451-7:CNY38.00
    本书包括培训需求评价、培训规划、培训课程设计、咨询式培训、人力资源开发等内容。每章都有学习目标、引导案例和案例分析。
●
相关链接 在E读中查询图书 在五车中查询图书 在当当中查询图书 在豆瓣中查询图书


正题名:培训与开发     索取号:C975/67=2         预约/预借

序号 登录号 条形码 馆藏地/架位号 状态 备注
1 0592610   205926104   第一样本阅览室/ [索取号:C975/67=2] 在馆    
2 0592611   205926113   第一借阅区/ [索取号:C975/67=2] 在馆    
3 0592612   205926122   第一借阅区/ [索取号:C975/67=2] 在馆    
4 0592613   205926131   第一借阅区/ [索取号:C975/67=2] 在馆    
5 0592614   205926140   第一借阅区/ [索取号:C975/67=2] 在馆    
唐山师范学院图书馆 欢迎您!
大连网信软件有限公司© 版权所有